000
00307nam a2200133Ia 4500
005
20260328101444.0
008
260328s9999||||xx |||||||||||||| ||und||
100
_a
Russell, John
245
0
_a
Henry Moore /
_c
John Russell
260
_b
Pelican Books
300
_a
274 p.
650
_a
ESCULTURA
942
_c
BK
999
_c
8393
_d
8393